Learning to sing : Hearing the music in your life

When he was a kid singing in his church choir, Clay Aiken never dreamed of becoming a pop music star. His ambition was to be a teacher, maybe even a high school principal. But the music that was Clay's joy in life was destined to lead him to unexpected triumphs...

Đã lưu trong:
书目详细资料
主要作者: Aiken, Clay
格式: 图书
语言:Undetermined
出版: New York Random House Audio 2004
主题:
标签: 添加标签
没有标签, 成为第一个标记此记录!
Thư viện lưu trữ: Trung tâm Học liệu Trường Đại học Cần Thơ
LEADER 00875nam a2200217Ia 4500
001 CTU_187721
008 210402s9999 xx 000 0 und d
082 |a 428.24 
082 |b A291/Cas.2 
100 |a Aiken, Clay 
245 0 |a Learning to sing : 
245 0 |b Hearing the music in your life 
245 0 |c Clay Aiken, Allison Glock 
260 |a New York 
260 |b Random House Audio 
260 |c 2004 
520 |a When he was a kid singing in his church choir, Clay Aiken never dreamed of becoming a pop music star. His ambition was to be a teacher, maybe even a high school principal. But the music that was Clay's joy in life was destined to lead him to unexpected triumphs... 
650 |a English language,Ngôn ngữ Anh 
650 |x Study and teaching,Học và dạy 
904 |i Giang 
980 |a Trung tâm Học liệu Trường Đại học Cần Thơ